000 00627nam a22001937a 4500
003 OSt
005 20251024072932.0
008 251024b |||||||| |||| 00| 0 eng d
020 _a 978-8510-94-0
040 _aDWC-Main lib.
_cOC
082 _aFil. 624.18341 B554f 2013
100 _aVenancio I. Besavilla Jr.
245 _aFundamentals of Reinforced concrete/
_cVenancio I. Besavilla Jr.
260 _aCebu City:
_b VIB Publisher
_c, c2013
300 _avol.3 , 943 pages
_b: illustrations
_c; 21cm.
504 _aIncludes bibliographical references
650 _aReinforced concrete
942 _2ddc
_cBK - FIL
_kFil.
_n0
999 _c5119
_d5119